<?xml version="1.0" encoding="UTF-8"?>
<record
    xmlns:xsi="http://www.w3.org/2001/XMLSchema-instance"
    xsi:schemaLocation="http://www.loc.gov/MARC21/slim http://www.loc.gov/standards/marcxml/schema/MARC21slim.xsd"
    xmlns="http://www.loc.gov/MARC21/slim">

  <leader>00966nam a2200181 a 4500</leader>
  <controlfield tag="001">BRCA_1266</controlfield>
  <controlfield tag="005">20190320203343.0</controlfield>
  <controlfield tag="008">101105s1992----sp-a---###---#000-0#spa-d</controlfield>
  <datafield tag="050" ind1=" " ind2="4">
    <subfield code="a">N7901</subfield>
    <subfield code="b">.R63 1992</subfield>
  </datafield>
  <datafield tag="245" ind1="1" ind2="0">
    <subfield code="a">Arte hispanoamericano en canarias</subfield>
    <subfield code="c">texto y fotograf&#xED;as Margarita Rodr&#xED;guez Gonz&#xE1;lez.</subfield>
  </datafield>
  <datafield tag="260" ind1=" " ind2=" ">
    <subfield code="a">Espa&#xF1;a</subfield>
    <subfield code="b">Comisi&#xF3;n del V Centenario del descubrimiento de Am&#xE9;rica : Instituto de Estudios Hisp&#xE1;nicos de Canarias : Di&#xF3;cesis de Tenerife : Santa Cruz de Tenerife</subfield>
    <subfield code="c">1992</subfield>
  </datafield>
  <datafield tag="300" ind1=" " ind2=" ">
    <subfield code="a">66 p.</subfield>
    <subfield code="b">il. (algunas a color)</subfield>
    <subfield code="c">23 cm.</subfield>
  </datafield>
  <datafield tag="500" ind1=" " ind2=" ">
    <subfield code="a">Cat&#xE1;logo de la exposici&#xF3;n realizada en el Seminario Diocesano de la Laguna, 4 mayo - 12 junio, 1992 y en la Iglesia de San Francisco (Puerto de la Cruz), 2 julio - 12 octubre, 1992</subfield>
  </datafield>
  <datafield tag="650" ind1="1" ind2="4">
    <subfield code="a">Arte cristiano y simbolismo</subfield>
    <subfield code="x">Im&#xE1;genes</subfield>
    <subfield code="z">Espa&#xF1;a (Canarias)</subfield>
    <subfield code="9">4169</subfield>
  </datafield>
  <datafield tag="650" ind1="1" ind2="4">
    <subfield code="a">Arte hispanoamericano</subfield>
    <subfield code="v">Cat&#xE1;logos</subfield>
    <subfield code="x">Im&#xE1;genes</subfield>
    <subfield code="z">Espa&#xF1;a</subfield>
    <subfield code="9">4170</subfield>
  </datafield>
  <datafield tag="700" ind1="1" ind2=" ">
    <subfield code="a">Rodr&#xED;guez Gonz&#xE1;lez, Margarita</subfield>
    <subfield code="9">2579</subfield>
  </datafield>
  <datafield tag="942" ind1=" " ind2=" ">
    <subfield code="2">lcc</subfield>
    <subfield code="c">B</subfield>
  </datafield>
  <datafield tag="999" ind1=" " ind2=" ">
    <subfield code="c">1135</subfield>
    <subfield code="d">1135</subfield>
  </datafield>
  <datafield tag="952" ind1=" " ind2=" ">
    <subfield code="0">0</subfield>
    <subfield code="1">0</subfield>
    <subfield code="4">0</subfield>
    <subfield code="7">0</subfield>
    <subfield code="a">BRCA</subfield>
    <subfield code="b">BRCA</subfield>
    <subfield code="d">2008-06-26</subfield>
    <subfield code="l">0</subfield>
    <subfield code="o">N7901 .R63 1992</subfield>
    <subfield code="p">01768</subfield>
    <subfield code="r">2019-03-22 00:00:00</subfield>
    <subfield code="w">2019-03-22</subfield>
    <subfield code="y">B</subfield>
  </datafield>
</record>
